[Event "Czechia KP-chTB 0607"]
[Site "Czech Republic"]
[Date "2007.02.04"]
[Round "7.6"]
[White "Dudek, Jaromir"]
[Black "Kosata, Frantisek"]
[Result "1-0"]
[WhiteElo "1908"]
[BlackElo "1776"]
[PlyCount "40"]
[EventDate "2006.10.29"]
[EventType "team"]
[EventRounds "11"]
[EventCountry "CZE"]
[SourceTitle "EXT 2008"]
[Source "ChessBase"]
[SourceDate "2007.11.25"]
[SourceVersion "1"]
[SourceVersionDate "2007.11.25"]
[SourceQuality "1"]
[WhiteTeam "Nymburk Sokol"]
[BlackTeam "Benesov"]
[WhiteTeamCountry "CZE"]
[BlackTeamCountry "CZE"]

1. b4 e6 2. Bb2 Nf6 3. b5 a6 4. a4 axb5 5. axb5 Rxa1 6. Bxa1 c6 7. e3 Be7 8. Nf3 d5 9. Be2 0-0 10. 0-0 cxb5 11. Bxb5 Qa5 12. Nc3 Bd7 13. Qe2 Rc8 14. Bd3 Qc7 15. e4 dxe4 16. Nxe4 Nxe4 17. Qxe4 f5 18. Qe3 Nc6 19. Rb1 Nd8 20. Bxf5 Qxc2 1-0

[Event "Czechia KP-chTB 0607"]
[Site "Czech Republic"]
[Date "2007.01.21"]
[Round "6.6"]
[White "Kosata, Frantisek"]
[Black "Krenek, Pavel"]
[Result "0-1"]
[WhiteElo "1776"]
[BlackElo "1725"]
[PlyCount "73"]
[EventDate "2006.10.29"]
[EventType "team"]
[EventRounds "11"]
[EventCountry "CZE"]
[SourceTitle "EXT 2008"]
[Source "ChessBase"]
[SourceDate "2007.11.25"]
[SourceVersion "1"]
[SourceVersionDate "2007.11.25"]
[SourceQuality "1"]
[WhiteTeam "Benesov"]
[BlackTeam "Sendrazice"]
[WhiteTeamCountry "CZE"]
[BlackTeamCountry "CZE"]

1. f4 e5 2. fxe5 d6 3. Nf3 Nc6 4. e4 dxe5 5. Bb5 Bc5 6. Bxc6+ bxc6 7. d3 Bg4 8. Qe2 Rb8 9. b3 Qd6 10. Bb2 f6 11. Nbd2 Bxf3 12. gxf3 Ne7 13. Nc4 Qd7 14. Qg2 Ng6 15. Qg4 Rd8 16. Qxd7+ Rxd7 17. 0-0-0 0-0 18. Kb1 Nf4 19. Ba3 Bxa3 20. Nxa3 a5 21. Nc4 a4 22. Rd2 Rb8 23. Rhd1 c5 24. Ka1 axb3 25. axb3 c6 26. Kb2 Ne6 27. Ra1 Nd4 28. Rf2 Ne6 29. Ra4 Rc7 30. Rf1 g6 31. Na5 Rbc8 32. Nc4 Rb8 33. Rfa1 Nd4 34. Nd2 Kg7 35. Rf1 Ne6 36. Nb1 Kh6 37. Nc3 0-1